| 000 | 01171nam2a22002531 4500 | ||
|---|---|---|---|
| 001 | RU\NLR\INFOCOMM31\5000106808 | ||
| 005 | 20250617035942.0 | ||
| 035 | _a(NLR Aleph) 002430734 | ||
| 090 |
_a1991300 _c1991300 |
||
| 100 | _a20050209d1984 |||y0rusy50 ca | ||
| 101 | 0 | _arus | |
| 102 | _aRU | ||
| 105 | _ay ||||000|y | ||
| 200 | 1 |
_aАнализ затрат ручного труда на поверхности шахт _fН.А. Прядко и др. |
|
| 210 |
_d1984 _aБ. м. |
||
| 461 | 0 |
_1001RU\NLR\INFOCOMM31\5000106703 _12001#$aЭкономика угольной промышленности$eОбзор. информ.$fЦНИИ экономики и НТИ угол. пром-сти (ЦНИЭИуголь)$v1984, Вып.2 _91991007 _cМ. _d1982-1985 _fЦНИИ экономики и НТИ угол. пром-сти (ЦНИЭИуголь) _oОбзор. информ. _tЭкономика угольной промышленности _x0202-0076 _v1984, Вып.2 |
|
| 700 | 1 |
_aПрядко _bН.А. _4070 |
|
| 801 | 1 |
_aRU _bInfoComm _c20050209 |
|
| 801 | 0 |
_aRU _bNLR _gPSBO |
|
| 852 |
_aNLR _jП22/5003 |
||
| 942 | _cISSUE | ||
| 980 | _aNB | ||
| 980 | _aRUSPER | ||